000 00324nam a2200121Ia 4500
008 190802s9999 xx 000 0 und d
020 _a978-1-4886-2388-2
100 _aDr. Dionigi Gerace
245 0 _aEquities, Fixed Income Securities and Derivatives
260 _aMelbourne
_bPearson
_c2018
300 _a557:p
942 _cBK
999 _c2541
_d2541